Most Popular Manga Quiz Stats

 Plays Quiz not verified by Sporcle

Challenge
Share
Tweet
Embed
Score 0/25 Timer 12:00
0 Plays Today
Ranking Manga % Correct
#1Naruto
96.4%
#2Bleach
92.3%
#9One Piece
91.3%
#8Fairy Tail
55.2%
#13D. Gray Man
25.5%
#16Black Butler
19.8%
#5Vampire Knight
18.5%
#23Soul Eater
16%
#25Bakuman
15.3%
#4Skip Beat
13.5%
#18Katekyo Hitman Reborn
8.1%
#21Ao no Exorcist
7.2%
#7Kaichou wa Maid-sama
7.1%
Ranking Manga % Correct
#3Dengeki Daisy
6.4%
#6High School of the Dead
6.4%
#15Gantz
5.5%
#10Kimi ni Todoke
5.1%
#17Black bird
5%
#22Say I love you
3.2%
#12Freezing
2.9%
#20Faster than a Kiss
2.2%
#14Kyou Koi wo Hajimemasu
1.9%
#24Watashi ni xx Shinasai
1.5%
#11The Breaker: New Waves
1.4%
#19Rosario+Vampire 2
0.3%

You're not logged in!

Compare scores with friends on all Sporcle quizzes.
Join for Free
OR
Log In

You Might Also Like...

Show Comments

Extras

Created Jul 28, 2011ReportNominate
Tags:manga

Top Quizzes Today


Score Distribution

Your Account Isn't Verified!

In order to create a playlist on Sporcle, you need to verify the email address you used during registration. Go to your Sporcle Settings to finish the process.

Report this User

Report this user for behavior that violates our Community Guidelines.

Details: